[Event "Caioba Telecom op"]
[Site "Caioba"]
[Date "2018.08.05"]
[Round "9"]
[White "Dos Santos, Marcos Paulo"]
[Black "Carvalho, Isis"]
[Result "1-0"]
[WhiteElo "1563"]
[BlackElo "1403"]
[PlyCount "37"]
[EventDate "2018.08.01"]
[EventType "swiss"]
[EventRounds "9"]
[EventCountry "BRA"]
[SourceTitle "CBM 186 Extra"]
[Source "ChessBase"]
[SourceDate "2018.08.24"]
[SourceVersion "1"]
[SourceVersionDate "2018.08.24"]
[SourceQuality "1"]

1. e4 d6 2. d4 Nf6 3. Nc3 g6 4. Bf4 Bg7 5. Nf3 0-0 6. Qd2 c6 7. Bd3 Nbd7 8. 0-0-0 b5 9. e5 dxe5 10. dxe5 Nh5 11. Bh6 Nc5 12. Bxg7 Kxg7 13. h3 Kg8 14. g4 Ng7 15. Qh6 Qa5 16. Ng5 Nxd3+ 17. Rxd3 Re8 18. Qxh7+ Kf8 19. Qh8# 1-0

[Event "Curitiba Parana-ch"]
[Site "Curitiba"]
[Date "2016.01.28"]
[Round "4"]
[White "Dos Santos, Marcos Paulo"]
[Black "De Oliveira, Wythor Rogerio"]
[Result "1-0"]
[WhiteElo "1783"]
[BlackElo "1800"]
[PlyCount "105"]
[EventDate "2016.01.26"]
[EventType "swiss"]
[EventRounds "8"]
[EventCountry "BRA"]
[SourceTitle "CBM 170 Extra"]
[Source "ChessBase"]
[SourceDate "2016.02.25"]
[SourceVersion "1"]
[SourceVersionDate "2016.02.25"]
[SourceQuality "1"]

1. Nf3 Nf6 2. g3 Nc6 3. d3 g6 4. Bg2 Bg7 5. 0-0 0-0 6. e4 e5 7. Nbd2 d6 8. Ne1 Bg4 9. Ndf3 Nd4 10. Be3 c5 11. Qd2 Nxf3+ 12. Nxf3 Nh5 13. Bh6 Qf6 14. Bg5 Qe6 15. Rfe1 Bf6 16. Bh6 Bg7 17. Bxg7 Kxg7 18. Ng5 Qf6 19. Qe3 h6 20. Nf3 g5 21. h4 Kg6 22. hxg5 hxg5 23. Nh2 Be6 24. Bf3 Kh6 25. Qe2 Qg6 26. Kg2 Rg8 27. Ng4+ Bxg4 28. Bxg4 Rh8 29. Bxh5 Qxh5 30. Rh1 Qxh1+ 31. Rxh1+ Kg7 32. Rxh8 Rxh8 33. Qg4 f6 34. Qd7+ Kg6 35. g4 Rg8 36. Qxd6 Rc8 37. Qd7 Rc6 38. Qxb7 Rb6 39. Qxa7 Rxb2 40. Qxc5 Rxa2 41. Qc8 Rb2 42. Qg8+ Kh6 43. Qf7 Rb6 44. c4 Rc6 45. Qd5 Rc8 46. c5 Kg7 47. Qd7+ Kh6 48. Qxc8 f5 49. Qxf5 Kg7 50. Qe6 Kh7 51. Qf6 Kg8 52. Qe7 Kh8 53. c6 1-0

[Event "Curitiba Parana-ch"]
[Site "Curitiba"]
[Date "2016.01.26"]
[Round "1"]
[White "Almeida Junior, Alvaro Alves de"]
[Black "Dos Santos, Marcos Paulo"]
[Result "1-0"]
[WhiteElo "1860"]
[BlackElo "1783"]
[PlyCount "61"]
[EventDate "2016.01.26"]
[EventType "swiss"]
[EventRounds "8"]
[EventCountry "BRA"]
[SourceTitle "CBM 170 Extra"]
[Source "ChessBase"]
[SourceDate "2016.02.25"]
[SourceVersion "1"]
[SourceVersionDate "2016.02.25"]
[SourceQuality "1"]

1. Nf3 Nf6 2. c4 g6 3. Nc3 Bg7 4. d4 0-0 5. e4 d6 6. Be2 e6 7. 0-0 Nc6 8. Rb1 e5 9. d5 Ne7 10. b4 Ne8 11. Ne1 f5 12. f3 Nf6 13. Be3 f4 14. Bf2 Bd7 15. c5 a6 16. a4 g5 17. Qb3 h5 18. Nd3 Qc8 19. cxd6 cxd6 20. Rfc1 Qe8 21. Nxe5 dxe5 22. d6+ Kh8 23. dxe7 Rg8 24. Bc4 Qxe7 25. Bc5 Qd8 26. Bxg8 Nxg8 27. Qf7 Be8 28. Qxb7 g4 29. Rd1 Qg5 30. Qxa8 gxf3 31. Rb2 1-0